|
|
|
|
| LEADER |
00000cam a2200000 a 4500 |
| 001 |
vtls008395549 |
| 003 |
SK-MaSNL |
| 005 |
20260301075551.0 |
| 008 |
250313s1944 xo g 000 0 slo |
| 015 |
|
|
|a SNBA19421945-083/1897
|
| 020 |
|
|
|q (brožované)
|
| 035 |
|
|
|a SK01SNKBKSD220010087766
|
| 035 |
|
|
|a urn:nbn:sk:snk-am3hhaf
|
| 035 |
|
|
|a 5EE5B82C-B4F1-4738-B659-0F2D0CCBC265
|
| 035 |
|
|
|a urn:nbn:sk:snk-am00d0al
|
| 035 |
|
|
|a SKM000090229
|
| 040 |
|
|
|a SNK
|b slo
|c SNK
|e AACR2
|
| 041 |
0 |
|
|a slo
|
| 044 |
|
|
|a xo
|c SK
|
| 080 |
|
|
|a 264
|2 1981
|
| 080 |
|
|
|a 27-549
|2 2011
|
| 080 |
|
|
|a (041)
|2 2011
|
| 245 |
0 |
0 |
|a Sborová omša
|
| 260 |
|
|
|a Trnava
|b [s.n.]
|c 1944
|e Trnava
|f Spolok Sv. Vojtecha
|
| 300 |
|
|
|a 23 s.
|c 15 cm
|
| 500 |
|
|
|a V bibliografii titul: Omša, Sborová
|
| 650 |
0 |
7 |
|a omše
|2 SNKPH
|9 31382
|
| 655 |
|
7 |
|a brožúry
|2 SNKPH
|9 70146
|
| 852 |
|
|
|a Slovenská národná knižnica
|
| 958 |
|
|
|a OND
|
| 958 |
|
|
|a RK
|
| 958 |
|
|
|a TL
|
| 958 |
|
|
|a NT
|
| 999 |
|
|
|c 650628
|d 652558
|
| 952 |
|
|
|a SNK
|b SNK
|y VYP
|7 0
|p 17A0749397
|o snkSE 1689 D1
|i snkKSF 2201/59
|8 5
|0 0
|1 0
|4 0
|d 2018-03-07
|l 0
|r 2026-02-23 18:21:14
|w 2026-02-23
|
| 952 |
|
|
|a SNK
|b SNK
|y VYP
|7 0
|p 17A1153127
|o snkSE 1689 D2
|i snkF 278/62
|8 5
|0 0
|1 0
|4 0
|d 2018-03-07
|l 0
|r 2026-02-23 18:21:14
|w 2026-02-23
|
| 952 |
|
|
|a SNK
|b SNK
|y PREZ
|7 0
|p 17A0733654
|o snkSE 1689
|i snkKSF 1408/57
|8 5
|0 0
|1 0
|4 0
|d 2018-01-16
|f 1
|l 0
|r 2026-02-23 18:21:14
|w 2026-02-23
|